000 00373nam a2200133Ia 4500
008 220217s9999||||xx |||||||||||||| ||und||
020 _a978-81-203-3288-1
082 _a005.13 SOM
100 _aSomashekara, M. T
245 0 _aProgramming in C++
260 _aPrentice hall of india private Ltd.
_bNew Delhi
_c2008
300 _b425
650 _aPROGRAMMING LANGUAGE
999 _c177151
_d177151